[Event "TCh-NED Meesterklasse 2011-12"]
[Site "Netherlands NED"]
[Date "2011.09.17"]
[Round "1.1"]
[White "Swinkels,R"]
[Black "Pruijssers,R"]
[Result "1-0"]
[WhiteElo "2494"]
[BlackElo "2475"]

1.c4 Nf6 2.d4 g6 3.g3 Bg7 4.Bg2 O-O 5.Nf3 d6 6.Nc3 Nbd7 7.O-O e5 8.e4 a6
9.Qc2 exd4 10.Nxd4 Re8 11.Rd1 c6 12.Bf4 Qe7 13.h3 h6 14.Rd2 Ne5 15.b3 Bd7
16.Rad1 b5 17.cxb5 axb5 18.Nde2 g5 19.Be3 Bxh3 20.Bxh3 Nf3+ 21.Kf1 Nxd2+
22.Rxd2 b4 23.Na4 Nxe4 24.Rd1 d5 25.Bf5 Qf6 26.g4 h5 27.Bd4 Qh6 28.Bxg7 Qxg7
29.Qxc6 hxg4 30.Qxd5 Qf6 31.Bxe4 Rad8 32.Nb6 Rxd5 33.Nxd5 Qh6 34.Bg2 Qa6
35.Rd2 Kf8 36.Nc7 Qf6 37.Rc2 Rd8 38.Nd5 Qe5 39.Ne3 g3 40.Nxg3 Qa1+ 41.Ke2 Qd4
42.Be4 Re8 43.Rd2 Qf6 44.Kf1 Qc3 45.Rd7 Qc8 46.Rd4 Qb8 47.Kg2 Rd8 48.Bd5 Qe5
49.Ngf5 Qf6 50.Rd2 Qe5 51.Rc2 Qb8 52.Rc6 Qe5 53.Ra6 Ke8 54.Bc6+ Kf8 55.Bd5 Qb8
56.Rf6 Rd7 57.Rh6 Qe5 58.Ra6 Qb8  1-0

[Event "Pushchino Autumn"]
[Site "Pushchino RUS"]
[Date "2011.09.17"]
[Round "8"]
[White "Romanko,M"]
[Black "Rodionova,Polina"]
[Result "1-0"]
[WhiteElo "2409"]
[BlackElo "1878"]

1.d4 Nf6 2.c4 g6 3.Nf3 Bg7 4.g3 O-O 5.Bg2 d6 6.O-O Nc6 7.Nc3 e5 8.d5 Nb8
9.e4 a5 10.Ne1 Nfd7 11.Be3 Na6 12.Nd3 Ndc5 13.Nxc5 Nxc5 14.Qd2 f5 15.f3 Qf6
16.exf5 gxf5 17.f4 e4 18.Rab1 Bd7 19.Ne2 b5 20.b3 b4 21.Rfd1 Rfd8 22.Nd4 h5
23.Bf1 Qg6 24.Be2 Bf6 25.Kh1 Kh7 26.Rg1 Qf7 27.Rg2 Be8 28.h3 Bd7 29.Qd1 h4
30.g4 Bxd4 31.Bxd4 fxg4 32.Bxg4 Rg8 33.Qe2 Raf8 34.Rbg1 Bf5  1-0

[Event "11th Josipa Ipavca Mem"]
[Site "Sentjur SLO"]
[Date "2011.09.17"]
[Round "5"]
[White "Drasko,M"]
[Black "Mestrovic,Z"]
[Result "1/2-1/2"]
[WhiteElo "2478"]
[BlackElo "2369"]

1.d4 Nf6 2.Nf3 g6 3.c4 Bg7 4.g3 O-O 5.Bg2 d6 6.O-O Nc6 7.Nc3 e5 8.d5 Ne7
9.c5 Ne8 10.cxd6 Nxd6 11.Qb3 Bd7 12.e4 h6 13.Re1 c5 14.dxc6  1/2-1/2

[Event "e2e4 Sunningdale Autumn"]
[Site "Sunningdale ENG"]
[Date "2011.09.17"]
[Round "2"]
[White "Arkell,K"]
[Black "Jones,W"]
[Result "1/2-1/2"]
[WhiteElo "2409"]
[BlackElo "2109"]

1.Nf3 Nf6 2.c4 g6 3.d4 Bg7 4.g3 O-O 5.Bg2 d6 6.O-O Nc6 7.Nc3 Bf5 8.b3 e5
9.Be3 Re8 10.d5 Ne7 11.h3 Ne4 12.Na4 Bd7 13.Qc2 Bxa4 14.bxa4 Nc5 15.Rab1 b6
16.Nd2 Rb8 17.a5 Nf5 18.Bxc5 dxc5 19.Ne4 Nd6 20.Nxd6 Qxd6 21.e4 Rf8 22.h4 h5
23.Qa4 Rbd8 24.Bh3 Bh6 25.Qc2 Qe7 26.a4 Rd6 27.axb6 axb6 28.a5 bxa5 29.Rb5 Rb6
30.Rxa5 Rfb8 31.Ra2 Rb3 32.Rfa1 Kg7 33.Qe2 Qf6 34.Ra6 R8b6 35.Rxb6 Qxb6 36.Ra2 Qb4
37.Ra6 Qc3 38.Bf1 Qd4 39.Kg2 Bd2 40.Ra2 Rb2 41.Rxb2 Qxb2 42.Qf3 Bc3 43.Be2 Bd4
44.g4 hxg4 45.Qxg4 Qd2 46.h5 Qf4 47.Bf3 Qxg4+ 48.Bxg4 gxh5 49.Bxh5 f6 50.Kg3 Kf8
51.f3 Ke7 52.Kg4  1/2-1/2

[Event "ch-Euro Youth b18"]
[Site "Albena BUL"]
[Date "2011.09.19"]
[Round "8.39"]
[White "Komut,B"]
[Black "Olson,Hamish"]
[Result "1-0"]
[WhiteElo "2007"]
[BlackElo "1988"]

1.d4 Nf6 2.Nf3 g6 3.c4 Bg7 4.g3 O-O 5.Bg2 d6 6.Nc3 Nbd7 7.O-O e5 8.h3 c6
9.e4 Qa5 10.Re1 exd4 11.Nxd4 Ne5 12.Bf1 Re8 13.f4 Ned7 14.Kh2 Nc5 15.Bg2 Qb4
16.a3 Qb6 17.b4 Ncxe4 18.Bxe4 Nxe4 19.Nxe4 Bxd4 20.Nf6+ Bxf6 21.Rxe8+ Kg7
22.Ra2 Bg4 23.Qe1 Rxe8 24.Qxe8 Be6 25.Rg2 Bxc4 26.Qe3 d5 27.Qxb6 axb6 28.g4 Kf8
29.g5 Bg7 30.Kg3 Ke7 31.Bb2 Bxb2 32.Rxb2 Bd3 33.Kf3 Bf5 34.h4 Kd6 35.a4 d4
36.a5 bxa5 37.bxa5 Bc8 38.Ke4 Bf5+ 39.Kxd4 c5+ 40.Kc4 Be6+ 41.Kc3 Kc7 42.Rb5 Kc6
43.Rb6+ Kc7 44.Kd3 Bd5 45.Rb2 Kd7 46.Ke3 Kd6 47.Kd3 Kc7 48.Ke3 Kd6 49.h5 Kd7
50.h6 Kc7 51.Kd3 Kd6 52.Re2 Kd7 53.Re5 c4+ 54.Kd4 Be6 55.Rc5 Kd6 56.Re5 Kd7
57.a6 bxa6 58.Ra5 Kc6 59.Rxa6+ Kb5 60.Ra8 Kb4 61.Rb8+ Ka3 62.Kc3  1-0

[Event "31st Munich OIS A"]
[Site "Munich GER"]
[Date "2011.09.19"]
[Round "3.3"]
[White "Hoefelsauer,T"]
[Black "Jorczik,J"]
[Result "1-0"]
[WhiteElo "2211"]
[BlackElo "2392"]

1.Nf3 Nf6 2.c4 g6 3.d4 Bg7 4.g3 O-O 5.Bg2 d6 6.O-O Nbd7 7.Nc3 e5 8.e4 c6
9.h3 Re8 10.d5 Nc5 11.Ne1 cxd5 12.cxd5 a5 13.Nd3 b6 14.Re1 Ba6 15.Bf1 Qc8
16.Kh2 Nfd7 17.Nxc5 bxc5 18.Bb5 Rf8 19.Qa4 Bxb5 20.Nxb5 Nb6 21.Qc2 Qd7 22.Nc3 a4
23.Kg2 f5 24.f3 Rf7 25.Qe2 Raf8 26.Rf1 fxe4 27.Qxe4 Qf5 28.Be3 Qxe4 29.fxe4 Nc4
30.Rxf7 Nxe3+ 31.Kf3 Kxf7 32.Kxe3 Bh6+ 33.Kd3 Rb8 34.Nxa4 Rb4 35.Nc3 Rxb2
36.a4 Rd2+ 37.Kc4 Rd4+ 38.Kb5 Bd2 39.Nb1 Be3 40.a5 Rb4+ 41.Kc6 Bd4 42.Ra3 Rxb1
43.a6 c4 44.a7 Bxa7 45.Rxa7+ Kf6 46.Kxd6 Re1 47.Ra8 Rxe4 48.Rf8+ Kg7 49.Rf3 Rd4
50.Kxe5 Rd3 51.Rf4 c3 52.d6 c2 53.Rc4 Rd2 54.Ke6 Re2+ 55.Kd7 Rd2 56.Ke7 Re2+
57.Kd8 Rd2 58.d7 Kf7 59.Kc8 Ke7 60.Rc7  1-0

[Event "4th Mumbai Mayors Cup"]
[Site "Mumbai IND"]
[Date "2011.09.22"]
[Round "9"]
[White "Deviatkin,A"]
[Black "Nitin,S"]
[Result "1/2-1/2"]
[WhiteElo "2580"]
[BlackElo "2387"]

1.d4 Nf6 2.Nf3 g6 3.g3 Bg7 4.c4 O-O 5.Bg2 d6 6.O-O c6 7.Nc3 Nbd7 8.e4 e5
9.d5 Nc5 10.Qe2 a5 11.Bg5 h6 12.Be3 cxd5 13.Bxc5 dxe4 14.Ba3 exf3 15.Bxf3 Re8
16.Ne4 Nxe4 17.Bxe4 Qc7 18.Rfd1 Ra6 19.Rac1 f5 20.Bd5+ Be6 21.Qd2 Qf7 22.Bxe6 Rxe6
23.c5 dxc5 24.Rxc5 Re8 25.Rxa5 Rxa5 26.Qxa5 e4 27.Qd5 Qxd5 28.Rxd5 Rc8 29.b4 Rc3
30.Ra5 Rc2 31.Rc5 Rxa2 32.Rc8+ Kh7 33.Bc1 Bd4 34.Be3 Bxe3 35.fxe3 Re2 36.Rc7+ Kg8
37.Rxb7 Rxe3 38.b5 Rb3 39.b6 Rb2 40.h4 g5 41.hxg5 hxg5 42.Rb8+ Kf7 43.b7 e3
44.Kf1 Kg7 45.Re8 Rxb7 46.Rxe3 Kg6 47.Re2 Kh5 48.Kg2 Kg4 49.Ra2 Rb4 50.Rc2 Ra4  1/2-1/2

[Event "31st Munich OIS A"]
[Site "Munich GER"]
[Date "2011.09.23"]
[Round "7.4"]
[White "Hoefelsauer,T"]
[Black "Reich,T"]
[Result "1-0"]
[WhiteElo "2211"]
[BlackElo "2391"]

1.d4 Nf6 2.c4 g6 3.g3 Bg7 4.Bg2 O-O 5.Nf3 d6 6.Nc3 Nc6 7.O-O Bf5 8.d5 Na5
9.Nd2 Ne8 10.e4 Bd7 11.Qc2 c6 12.b3 cxd5 13.exd5 b5 14.cxb5 Rc8 15.Bb2 Bxb5
16.Rfe1 Nf6 17.Rac1 Bd7 18.Qd3 Ng4 19.Qe2 Bd4 20.Rf1 Ne5 21.Nf3 Nxf3+ 22.Qxf3 Qb6
23.Qe4 Bf6 24.Na4 Bxa4 25.Bxf6 exf6 26.Qxa4 Kg7 27.Qd7 Rc5 28.h4 h5 29.Rfe1 Rd8
30.Qe7 Rdc8 31.Rxc5 Rxc5 32.Re2 Nb7 33.Qe8 Rc7 34.Re7 Rxe7 35.Qxe7 Nc5 36.Qe2 Qb4
37.Bf1 Ne4 38.Qe3 Nc5 39.Qe2 a5 40.Qe3 Nd7 41.Bh3 Nc5 42.Bf1 Qa3 43.Qd2 f5
44.f3 Nd7 45.Kg2 Ne5 46.Bc4 Kg8 47.Qc2 Qc5 48.Qf2 Qb4 49.Qe2 a4 50.Kf2 a3
51.Qe1 Qb6+ 52.Qe3 Qd8 53.Qc1 Qb6+ 54.Qe3 Qc7 55.Qe2 Qd8 56.Qd2 Qf6 57.Qg5 Qxg5
58.hxg5 f4 59.Be2 fxg3+ 60.Kxg3 Kf8 61.f4 Nd7 62.Kf3 Ke7 63.Ke3 Kd8 64.Kd4 Kc7
65.Bf3 Kb6 66.Kc4 Nc5 67.b4 Na6 68.f5 Nc7 69.fxg6 fxg6 70.Be4 h4 71.Bxg6 h3
72.Be4 h2 73.g6 Ne8 74.Kb3 Nf6 75.Bh1  1-0

[Event "Tatry Open"]
[Site "Tatranske Zruby SVK"]
[Date "2011.09.25"]
[Round "1"]
[White "Volodin,V"]
[Black "Talla,V"]
[Result "0-1"]
[WhiteElo "2210"]
[BlackElo "2399"]

1.Nf3 Nf6 2.c4 g6 3.d4 Bg7 4.g3 O-O 5.Bg2 d6 6.O-O Nc6 7.Nc3 a6 8.b3 Rb8
9.e3 b5 10.Qe2 b4 11.Nd5 Nd7 12.Bb2 e6 13.Nf4 Ne7 14.Rad1 a5 15.Rfe1 Ba6
16.e4 Qc8 17.e5 d5 18.Qc2 dxc4 19.bxc4 Nb6 20.Nd2 Rd8 21.c5 Nbd5 22.Nxd5 Nxd5
23.Nc4 Bxc4 24.Qxc4 c6 25.Qb3 Qc7 26.Rf1 Qb7 27.Rd3 Qb5 28.f4 Nc3 29.Qc2 Nxa2
30.g4 a4 31.f5 b3 32.Qb1 Nb4 33.Rdf3 Nc2 34.fxe6 fxe6 35.Rf7 Rf8 36.Rxf8+ Rxf8
37.Qc1 Rxf1+ 38.Bxf1 Qb4 39.Qg5 Qe1 40.Qd8+ Bf8 41.Qf6 Qe3+ 42.Kh1 Qe4+ 43.Bg2 Qe1+
44.Bf1 Qe4+ 45.Bg2 Qxg4 46.Bf3 Qf5 47.Qxf5 gxf5 48.d5 exd5 49.Bxd5+ cxd5
50.c6 a3 51.Bxa3 Nxa3  0-1

[Event "34th OFSz Mayor's Cup"]
[Site "Zabrze POL"]
[Date "2011.09.27"]
[Round "7.1"]
[White "Malaniuk,V"]
[Black "Sroka,J"]
[Result "1-0"]
[WhiteElo "2496"]
[BlackElo "2080"]

1.d4 Nf6 2.Nf3 d6 3.c4 g6 4.g3 Bg7 5.Bg2 O-O 6.O-O Nbd7 7.Qc2 e5 8.Rd1 Qe7
9.Nc3 c6 10.e4 exd4 11.Nxd4 Nc5 12.Nb3 Be6 13.Bf4 Rfd8 14.Qe2 Nxb3 15.axb3 Ng4
16.h3 Ne5 17.Be3 c5 18.Nd5 Bxd5 19.cxd5 Nd7 20.Qc2 a5 21.Bd2 b6 22.f4 Bd4+
23.Kh2 h5 24.Bc3 Rac8 25.Qd3 Bxc3 26.bxc3 h4 27.c4 hxg3+ 28.Qxg3 Nf6 29.Qg5 Re8
30.e5 dxe5 31.d6 Qe6 32.Bd5 Nxd5 33.Rxd5 Qd7 34.fxe5 Re6 35.Rf1 Kg7 36.Rf6 Rh8
37.Qg4 a4 38.bxa4 Ra8 39.Rd2 Rxa4 40.Rdf2 Ra1 41.Rxf7+ Qxf7 42.Rxf7+ Kxf7
43.Qf3+ Kg7 44.Qd5  1-0

[Event "ch-HUN w 2011"]
[Site "Szeged HUN"]
[Date "2011.09.28"]
[Round "2"]
[White "Varga,Me"]
[Black "Gara,A"]
[Result "0-1"]
[WhiteElo "2139"]
[BlackElo "2340"]

1.Nf3 g6 2.d4 Bg7 3.g3 d6 4.c4 Nf6 5.Bg2 O-O 6.Nc3 Nbd7 7.O-O c6 8.e4 e5
9.h3 Qa5 10.d5 cxd5 11.cxd5 b5 12.Nd2 b4 13.Ne2 Nc5 14.Nb3 Nxb3 15.Qxb3 Ba6
16.Re1 Nd7 17.Bd2 Rab8 18.a3 Nc5 19.Qe3 Nd3 20.axb4 Qb6 21.Qxb6 Rxb6 22.Reb1 Nxb4
23.Bxb4 Bxe2 24.Bc3 Rb7 25.Ra5 f5 26.exf5 gxf5 27.Rba1 Rff7 28.Re1 Bd3 29.g4 fxg4
30.hxg4 Rf4 31.f3 Bf6 32.Re3 Bc4 33.Bf1 Bd8 34.Ra4 Bb6 35.Bxc4 Rxf3 36.Kg2 Rxe3
37.Bd2 Re4 38.Kf3 Rd4 39.Bc3 Rf4+ 40.Ke2 Rxg4  0-1

[Event "Tatry Open"]
[Site "Tatranske Zruby SVK"]
[Date "2011.09.29"]
[Round "6.8"]
[White "Volodin,V"]
[Black "Mrva,Mart"]
[Result "1/2-1/2"]
[WhiteElo "2210"]
[BlackElo "2470"]

1.Nf3 Nf6 2.c4 g6 3.d4 Bg7 4.g3 d6 5.Bg2 O-O 6.O-O Bg4 7.h3 Bxf3 8.Bxf3 Nc6
9.Bg2 Nd7 10.d5 Na5 11.Nd2 Nb6 12.Qc2 c6 13.dxc6 Nxc6 14.Rb1 Rc8 15.Qd1 Qd7
16.b3 d5 17.cxd5 Nxd5 18.Nc4 Rfd8 19.Bb2 b5 20.Qxd5 Qxd5 21.Bxd5 Rxd5 22.Ne3 Rd6
23.Bxg7 Kxg7 24.Rfc1 Rb8 25.Rc5 Nd4 26.Kf1 e6 27.Rd1 Rbd8 28.Nc2 Nxc2 29.Rxd6 Rxd6
30.Rxc2 Kf6 31.h4 h5 32.Ke1 e5 33.e4 Ke6 34.Rc5 Ra6 35.Rxb5 Rxa2 36.b4 f5
37.exf5+ gxf5 38.Kf1 e4 39.Kg1 Ra1+ 40.Kg2 Ra2 41.Kf1 Rb2 42.Ra5 Rxb4 43.Rxa7 f4
44.gxf4 Kf5 45.Rg7 Kxf4 46.Kg2 Rb2 47.Rg3 Rd2 48.Kg1 Rd3 49.Rg8 Kf3 50.Rf8+ Kg4
51.Kg2 Rf3 52.Re8 Rf4 53.Rxe4 Rxe4  1/2-1/2

[Event "Belgrade Premier League 2011"]
[Site "Belgrade SRB"]
[Date "2011.10.05"]
[Round "5.4"]
[White "Kostic,Mil"]
[Black "Nikolic,Mo"]
[Result "1/2-1/2"]
[WhiteElo "2283"]
[BlackElo "2261"]

1.d4 Nf6 2.Nf3 g6 3.c4 Bg7 4.g3 d6 5.Bg2 O-O 6.O-O Nbd7 7.Nc3 e5 8.e4 exd4
9.Nxd4 Nc5 10.h3 Re8 11.Re1 c6 12.Bf4 Nh5 13.Be3 a5 14.Qc2 Nf6 15.Rad1 Nfd7
16.f4 Qe7 17.Bf2 Na6 18.a3 Ndc5 19.Kh2 Bd7 20.Rd2 Rad8 21.b3 Bc8 22.Rb1 Qc7
23.Rbd1 Qe7 24.Re1 h5 25.Rde2 Qf6 26.Rd2  1/2-1/2

[Event "20th TCh-CRO 1b"]
[Site "Sibenik CRO"]
[Date "2011.10.06"]
[Round "3.2"]
[White "Tesic,D"]
[Black "Stojanovic,Da"]
[Result "1/2-1/2"]
[WhiteElo "2379"]
[BlackElo "2466"]

1.d4 Nf6 2.Nf3 g6 3.c4 Bg7 4.g3 O-O 5.Bg2 d6 6.O-O c6 7.Nc3 Qb6 8.b3 e5 9.dxe5 dxe5
10.Qc2 Re8 11.e4 Na6 12.Be3 Qc7 13.h3 Nd7 14.a3 Nac5 15.b4 Ne6 16.Rfd1 Ndf8
17.c5 Rd8 18.Ne2 a5 19.Rxd8 Qxd8 20.Rd1 Qe7 21.Nd2 axb4 22.axb4 Nc7 23.Nc4 Be6
24.Nd6 Ne8 25.Nc3 Rd8 26.Kh2 Qc7  1/2-1/2

[Event "Oslo GM Open"]
[Site "Oslo NOR"]
[Date "2011.10.08"]
[Round "8.23"]
[White "Spirin,O"]
[Black "Guttulsrud,O"]
[Result "1-0"]
[WhiteElo "2493"]
[BlackElo "2190"]

1.d4 Nf6 2.Nf3 g6 3.c4 Bg7 4.g3 O-O 5.Bg2 d6 6.Nc3 Nc6 7.O-O a6 8.b3 Rb8
9.Nd5 Nh5 10.Bb2 e6 11.Nc3 b5 12.cxb5 axb5 13.Rc1 b4 14.Na4 Bb7 15.Qc2 Nf6
16.Rfd1 Qe7 17.Ne1 Nd5 18.e4 Nf6 19.d5 exd5 20.exd5 Na7 21.Qxc7 Qxc7 22.Rxc7 Rfc8
23.Rxc8+ Nxc8 24.Nc2 Ba8 25.Ne3 Ne7 26.Bd4 Rb5 27.Bf1 Rb8 28.Bg2 Rb5 29.Nb6 Ra5
30.Rd2 Bb7 31.Nec4 Ra6 32.Nxd6 Nfxd5 33.Nxd5 Bxd5 34.Bxg7 Kxg7 35.Ne8+ Kf8
36.Nc7 Ra5 37.Nxd5  1-0

[Event "TCh-MNE 1st League"]
[Site "Tivat MNE"]
[Date "2011.10.08"]
[Round "4.1"]
[White "Georgiev,Ki"]
[Black "Damljanovic,B"]
[Result "1-0"]
[WhiteElo "2664"]
[BlackElo "2607"]

1.d4 Nf6 2.c4 g6 3.Nf3 Bg7 4.g3 O-O 5.Bg2 d6 6.O-O c6 7.Nc3 Qa5 8.e4 e5 9.h3 Nbd7
10.Qc2 exd4 11.Nxd4 Nb6 12.Nce2 Re8 13.Bf4 d5 14.exd5 cxd5 15.c5 Nc4 16.b3 Na3
17.Qd2 Qxd2 18.Bxd2 Bd7 19.Rac1 Ne4 20.Be3 Rac8 21.Rfd1 a5 22.Kh2 Nxc5 23.Nf4 Ne6
24.Rxc8 Bxc8 25.Nxd5 Nxd4 26.Bxd4 Bxd4 27.Rxd4 Kg7 28.Nb6 Bf5 29.g4 Bb1 30.Ra4 Nb5
31.Rxa5 Nc3 32.a3 Re2 33.Rc5 Na2 34.Kg3 Re1 35.Bxb7 Nc1 36.b4 h6 37.Bd5 g5
38.Rc7 Bg6 39.Bc4 Be4 40.Rxf7+ Kg6 41.f3 Bd3 42.Rd7 Bxc4 43.Nxc4 Re2 44.Rd2  1-0

[Event "II Oliver Gonzalez Memorial"]
[Site "Madrid ESP"]
[Date "2011.10.11"]
[Round "4.38"]
[White "Cortes Jurado,R"]
[Black "Farre Selma,David"]
[Result "1-0"]
[WhiteElo "2101"]
[BlackElo "1841"]

1.d4 Nf6 2.Nf3 g6 3.c4 d6 4.g3 Bg7 5.Bg2 O-O 6.O-O Nbd7 7.Nc3 e5 8.e4 exd4
9.Nxd4 Ne5 10.b3 Bd7 11.h3 Nc6 12.Nde2 Re8 13.Rb1 Rb8 14.f4 Nh5 15.Kh2 f5
16.Bb2 Nf6 17.Nd5 Nxe4 18.Bxg7 Kxg7 19.Nd4 Nf6 20.g4 Nxd5 21.Nxc6 Bxc6 22.cxd5 Bb5
23.Re1 fxg4 24.Rxe8 Bxe8 25.hxg4 Qh4+ 26.Kg1 Qf6 27.Rc1 Rc8 28.Rc4 Bd7 29.Qc1 c6
30.dxc6 Bxc6 31.g5 Qd8 32.Qc3+ Kg8 33.Bd5+ Kf8 34.Qh8+  1-0

[Event "20th TCh-CRO 1b"]
[Site "Sibenik CRO"]
[Date "2011.10.11"]
[Round "8.1"]
[White "Markotic,G"]
[Black "Ivic,Mat"]
[Result "1-0"]
[WhiteElo "2287"]
[BlackElo "2290"]

1.d4 Nf6 2.c4 g6 3.g3 Bg7 4.Bg2 O-O 5.Nf3 d6 6.O-O c5 7.dxc5 dxc5 8.Nc3 Nc6
9.Qa4 Qb6 10.Qa3 Qb4 11.Qxb4 cxb4 12.Nd5 Bg4 13.Bg5 h6 14.Be3 Nd7 15.Rad1 Bxf3
16.Bxf3 Nde5 17.b3 Nxf3+ 18.exf3 e6 19.Nc7 Rac8 20.Nb5 Rfd8 21.Kg2 Rxd1 22.Rxd1 a6
23.Na7 Rd8 24.Rxd8+ Nxd8 25.Nc8 Bf8 26.Nb6 Nc6 27.Nd7 h5 28.Kf1 Be7 29.Ke2 f6
30.Bc5 Kf7 31.Bxe7 Kxe7 32.Nc5 Nd8 33.h4 f5 34.Ke3 a5 35.Nd3 Nc6 36.f4 Kd6
37.f3 b6 38.Kf2 a4 39.bxa4 Na5 40.Nxb4 Nxc4 41.Nd3 Kd5 42.Ke2 Kd4 43.Nb4 Nb2
44.a5 bxa5 45.Nc6+ Kc3 46.Nxa5 Nd3 47.Nc6 Nc1+ 48.Kf2 Nxa2 49.Ne5 Kd4 50.Nxg6 Nc3
51.Nf8 e5 52.fxe5 Kxe5 53.Ng6+ Kd4 54.Nf4 Nd1+ 55.Kg2 Ne3+ 56.Kh3 Nf1 57.Nxh5 Ke3
58.g4 fxg4+ 59.fxg4 Kd4 60.Ng3 Nd2 61.g5 Ke5 62.Kg4 Nc4 63.Kh5 Kf4 64.g6 Nd6
65.g7 Ne8 66.Kg6  1-0

[Event "II Oliver Gonzalez Memorial"]
[Site "Madrid ESP"]
[Date "2011.10.12"]
[Round "5.65"]
[White "Merino Araguas,J"]
[Black "Folgar Lopez,A"]
[Result "1-0"]
[WhiteElo "1848"]
[BlackElo "1615"]

1.d4 Nf6 2.c4 g6 3.g3 Bg7 4.Bg2 O-O 5.Nf3 d6 6.O-O c5 7.d5 Na6 8.Nc3 Nc7
9.e4 e5 10.Qc2 a6 11.a4 Bg4 12.h3 Bxf3 13.Bxf3 Qc8 14.Bg2 Qd7 15.Bd2 Rab8
16.Rab1 b5 17.b3 b4 18.Ne2 a5 19.Rbe1 Nh5 20.Kh2 Rbe8 21.Bf3 Nf6 22.Ng1 Na8
23.Bd1 Nb6 24.Qc1 Nc8 25.Bf3 Ne7 26.Qd1 Rb8 27.Bg4 Nxg4+ 28.hxg4 Kh8 29.Kg2 Ng8
30.Nh3 Nf6 31.g5 Ng8 32.Qc1 Ne7 33.Be3 Kg8 34.f3 Rfe8 35.Rh1 Kf8 36.Nf2 Nc8
37.Rxh7 Qd8 38.Ng4 Ne7 39.Reh1 Ng8 40.R7h3 Ke7 41.Nh6 Nxh6 42.gxh6 Bh8 43.h7 Kd7
44.Bg5 Qc8 45.Qd1 Kc7 46.Bc1 Kb7 47.Qd2 Ka8 48.Qg5 Rf8 49.Qe7 Rb7 50.Qh4 Qd8
51.Qxd8+ Rxd8 52.f4 Rbb8 53.fxe5 Bxe5 54.Rf1 Rb7 55.Bg5 f6 56.h8=Q Rxh8 57.Rxh8+ Ka7
58.Bf4  1-0

[Event "49th ch-IND NatA"]
[Site "Aurangabad IND"]
[Date "2011.10.15"]
[Round "7"]
[White "Deshmukh,A"]
[Black "Shashikant,K"]
[Result "1/2-1/2"]
[WhiteElo "2312"]
[BlackElo "2300"]

1.c4 Nf6 2.Nf3 g6 3.g3 Bg7 4.Bg2 d6 5.d4 O-O 6.O-O Nc6 7.d5 Na5 8.Nfd2 c5
9.h3 a6 10.a4 Rb8 11.Nc3 Bd7 12.e4 b5 13.Qe2 b4 14.Nd1 e5 15.b3 Nh5 16.Rb1 Qe8
17.Kh2 f5 18.exf5 gxf5 19.Nf3 e4 20.Nh4 f4 21.gxf4 Nxf4 22.Qxe4 Qxe4 23.Bxe4 Rbe8
24.f3 Ne2 25.Nf2 Be5+ 26.Kg2 Nxc1 27.Rfxc1 Bf6 28.Kg3 Be5+ 29.Kg2 Bf6 30.Nf5 Bxf5
31.Bxf5 Re2 32.Rc2 Re3 33.Ne4 Be5 34.Be6+ Kh8 35.Kh1 Rexf3 36.Rg1 Bd4 37.Rd1 Rf1+
38.Rxf1 Rxf1+ 39.Kg2 Rg1+ 40.Kf3 Be5 41.Kf2 Rh1 42.Ke3 Nxb3 43.Rg2 h6 44.Rg8+ Kh7
45.Rd8 Na5 46.Kf3 Nxc4 47.Kg4 Rg1+ 48.Kh5 Ne3 49.Rb8 Rg7 50.a5 c4 51.h4 c3
52.Bf5+ Nxf5 53.Nf6+ Bxf6 54.Rh8+ Kxh8  1/2-1/2

[Event "Lichtenrader Autumn"]
[Site "Berlin GER"]
[Date "2011.10.15"]
[Round "8.2"]
[White "Kalinitschew,S"]
[Black "Priebe,J"]
[Result "1-0"]
[WhiteElo "2420"]
[BlackElo "2265"]

1.d4 Nf6 2.Nf3 g6 3.c4 Bg7 4.g3 O-O 5.Bg2 d6 6.O-O Nc6 7.Nc3 a6 8.d5 Na5
9.Nd2 c5 10.Qc2 Rb8 11.b3 b5 12.Rb1 e5 13.cxb5 axb5 14.b4 cxb4 15.Rxb4 Ba6
16.Qb1 Qe8 17.Ba3 Qd7 18.Rb2 Rfc8 19.Bb4 Nc4 20.Nxc4 Rxc4 21.e3 e4 22.Rb3 Qf5
23.Bxd6 Rbc8 24.Nxb5 Nxd5 25.Na7 Re8 26.Rb8 Qd7 27.Bh3 f5 28.Rxe8+ Qxe8 29.Qb3 Qa4
30.Qb8+ Kf7 31.Be5 Bxe5 32.Qxe5 Nf6 33.Rb1 Qd7 34.Nb5 Bxb5 35.Bf1 Rb4 36.Rxb4 Bxf1
37.Rd4 Qb5 38.Qc7+ Kf8 39.Qd6+ Kg7 40.Rb4 Ne8 41.Rxb5 Nxd6 42.Rb6 Bc4 43.Rxd6 Bxa2
44.Rd7+ Kg8 45.Kf1  1-0

[Event "TCh-MNE 1st League"]
[Site "Tivat MNE"]
[Date "2011.10.15"]
[Round "8.2"]
[White "Jakovljevic,Vlado"]
[Black "Todorovic,J"]
[Result "1/2-1/2"]
[WhiteElo "2386"]
[BlackElo "2420"]

1.Nf3 Nf6 2.c4 g6 3.d4 Bg7 4.g3 O-O 5.Bg2 d6 6.O-O Nbd7 7.Nc3 e5 8.e4 exd4
9.Nxd4 Re8 10.h3 Nc5 11.Re1 a5 12.Ndb5 Bd7  1/2-1/2

[Event "49th ch-IND NatA"]
[Site "Aurangabad IND"]
[Date "2011.10.17"]
[Round "9"]
[White "Vidit,S"]
[Black "Rathnakaran,K"]
[Result "1-0"]
[WhiteElo "2508"]
[BlackElo "2386"]

1.d4 Nf6 2.c4 g6 3.Nf3 Bg7 4.g3 O-O 5.Bg2 d6 6.O-O Nc6 7.Nc3 Bd7 8.d5 Na5
9.Nd2 c5 10.Qc2 a6 11.b3 b5 12.Bb2 Rb8 13.Nd1 Nh5 14.Bxg7 Nxg7 15.e4 bxc4
16.bxc4 f5 17.Qc3 fxe4 18.Bxe4 Nf5 19.Bxf5 Bxf5 20.Ne3 e5 21.Nxf5 gxf5 22.Rab1 Qc7
23.Kh1 Nb7 24.f4 Rbe8 25.Rg1 Qa5 26.Qc2 Nd8 27.g4 fxg4 28.Rxg4+ Kh8 29.Ne4 Qc7
30.Rbg1 Qe7 31.f5 Nf7 32.f6 Qd7 33.Qg2 Rd8 34.Rg8+  1-0

[Event "XXIX Balaton Open A"]
[Site "Heviz HUN"]
[Date "2011.10.21"]
[Round "4"]
[White "De Andres Gonalons,F"]
[Black "Pirisi,G"]
[Result "1-0"]
[WhiteElo "2137"]
[BlackElo "2249"]

1.d4 Nf6 2.c4 g6 3.g3 Bg7 4.Bg2 O-O 5.Nf3 d6 6.O-O c5 7.d5 Na6 8.Nc3 Nc7
9.a4 e5 10.e4 Bd7 11.Ne1 Nh5 12.Nd3 Ne8 13.Bf3 Bh3 14.Re1 Nhf6 15.Qe2 Nd7
16.Bg2 Bxg2 17.Kxg2 f5 18.a5 f4 19.f3 h5 20.gxf4 exf4 21.Kh1 Ne5 22.Nxe5 Bxe5
23.Qg2 Kh7 24.Rg1 Qf6 25.Ne2 Rg8 26.Bd2 Nc7 27.Qh3 Raf8 28.Rg2 Na6 29.Rag1 Rg7
30.Rg5 Nb4 31.Bxb4 cxb4 32.b3 Qd8 33.c5 Qxa5 34.cxd6 Bxd6 35.Qe6 Qc5 36.Rxg6 Qxg1+
37.Rxg1  1-0

[Event "TCh-SUI 2011"]
[Site "Lausanne SUI"]
[Date "2011.10.22"]
[Round "8.6"]
[White "Gerber,R"]
[Black "Vogt,L"]
[Result "1/2-1/2"]
[WhiteElo "2386"]
[BlackElo "2413"]

1.d4 Nf6 2.c4 g6 3.g3 Bg7 4.Bg2 O-O 5.Nf3 d6 6.O-O c6 7.Nc3 Bf5 8.b3 Ne4
9.Bb2 Nxc3 10.Bxc3 Be4 11.Rc1 Nd7 12.Qd2 d5 13.Rfd1 e6 14.Bb4 Re8 15.Bd6 Bf8
16.Bxf8 Rxf8 17.Rc3 Qe7 18.Bf1 Bxf3 19.Rxf3 Rfe8 20.Rc3 Rad8 21.Qc2 Nf6 22.Bg2 Rd7
23.e3 Red8 24.Rcd3  1/2-1/2

[Event "TCh-SUI 2011"]
[Site "Lausanne SUI"]
[Date "2011.10.23"]
[Round "9.8"]
[White "Emini,E"]
[Black "Gaehwiler,G"]
[Result "1-0"]
[WhiteElo "2022"]
[BlackElo "2174"]

1.d4 Nf6 2.g3 g6 3.Bg2 Bg7 4.c4 O-O 5.Nf3 d6 6.Nc3 Nc6 7.O-O a6 8.Re1 Rb8
9.Qc2 Bf5 10.e4 Bg4 11.Be3 Bxf3 12.Bxf3 e5 13.d5 Nd4 14.Bxd4 exd4 15.Ne2 Nd7
16.Bg2 d3 17.Qxd3 Bxb2 18.Rab1 Bg7 19.f4 Nc5 20.Qd2 Re8 21.Nd4 Qd7 22.Nb3 Na4
23.Re3 c5 24.Rbe1 Nb2 25.Qe2 Qa4 26.Bf1 b5 27.cxb5 axb5 28.e5 Nc4 29.Re4 dxe5
30.Nxc5 Qa7 31.Qf2 Nd6 32.R4e2 e4 33.Nb3 Qa8 34.Qc5 Red8 35.Nd4 Nb7 36.Qb4 Qa5
37.Nc6 Qxb4 38.Nxb4 Bc3 39.Nc6 Bxe1 40.Rxe1 Nd6 41.Rb1 Nf5 42.Nxb8 Rxb8 43.Bxb5 Nd4
44.Bd3 Rxb1+ 45.Bxb1 Ne2+ 46.Kf2 Nc3 47.d6 Kf8 48.Bc2 Ke8 49.Bb3 Kd7 50.Bxf7 Kxd6
51.Ke3 Kc5 52.g4 Kb4 53.g5 Kc5 54.Bg8  1-0

[Event "12th Liberec Open"]
[Site "Liberec CZE"]
[Date "2011.10.24"]
[Round "3"]
[White "Dambrauskas,V"]
[Black "Popelka,O"]
[Result "1-0"]
[WhiteElo "2316"]
[BlackElo "2111"]

1.d4 Nf6 2.c4 d6 3.Nf3 g6 4.g3 Bg7 5.Bg2 O-O 6.Nc3 Nc6 7.O-O Bf5 8.d5 Na5
9.Nd4 Bd7 10.Qd3 c5 11.Nc2 Rb8 12.b3 a6 13.Bb2 b5 14.Rab1 bxc4 15.bxc4 Qc7
16.Ba1 Rxb1 17.Nxb1 e5 18.Nd2 Nh5 19.Qa3 Bh6 20.e3 Bf5 21.Rc1 Ra8 22.Bc3 Nb7
23.e4 Bd7 24.Rb1 f5 25.f3 Nf6 26.Nf1 fxe4 27.fxe4 Bg4 28.Qb2 Na5 29.Nce3 Rf8
30.Qb6 Qf7 31.Qxa5 Be2 32.Bh3  1-0

[Event "1st Central Asia Cup"]
[Site "Tashkent UZB"]
[Date "2011.10.25"]
[Round "8.20"]
[White "Gevorgyan,I"]
[Black "Khamdamov,S"]
[Result "1-0"]
[WhiteElo "2122"]
[BlackElo "2288"]

1.Nf3 Nf6 2.c4 g6 3.g3 Bg7 4.Bg2 d6 5.d4 O-O 6.O-O Nbd7 7.Nc3 e5 8.Qc2 c6
9.Rd1 Re8 10.dxe5 dxe5 11.Ng5 Qe7 12.Nge4 Nxe4 13.Nxe4 Nc5 14.Nxc5 Qxc5 15.Qb3 Qe7
16.Bd2 Bf8 17.a3 Be6 18.Bb4 Qc7 19.Bxf8 Rxf8 20.Qc3 Rad8 21.c5 f6 22.b4 Rf7
23.e3 Bg4 24.Rxd8+ Qxd8 25.Qc4 Qd7 26.Qb3 Kg7 27.Qa4 a6 28.f3 Be6 29.Rd1 Qe8
30.Rd6 Rd7 31.Qd1 Bd5 32.Bh3 f5 33.e4 Rxd6 34.cxd6 Be6 35.Qd2 Qd8 36.f4 exf4
37.gxf4 Qh4 38.Qe3 Kf7 39.e5 Bd5 40.Qg3 Qh5 41.Bf1 Qd1 42.Qe3 Ke6 43.Kf2 Qg4
44.Qg3 Qd1 45.Be2 Qd4+ 46.Qe3 Qa1 47.Qh3 Qd4+ 48.Qe3 Qb2 49.Kg3 h6 50.Kh4 Qb1
51.Qg3 Kf7 52.Bh5 gxh5 53.Kxh5 Qd1+ 54.Kxh6 Qg4 55.Qxg4 fxg4 56.f5 b6 57.d7 Ke7
58.e6 c5 59.bxc5 bxc5 60.f6+  1-0

[Event "26th Le Touquet Open"]
[Site "Le Touquet FRA"]
[Date "2011.10.26"]
[Round "6.9"]
[White "Defrance,L"]
[Black "Bernard,Ch1"]
[Result "1/2-1/2"]
[WhiteElo "2128"]
[BlackElo "2327"]

1.d4 Nf6 2.Nf3 g6 3.c4 Bg7 4.g3 O-O 5.Bg2 d6 6.O-O Nbd7 7.Nc3 e5 8.e4 c6
9.h3 Re8 10.Re1 a5 11.Qc2 exd4 12.Nxd4 Nc5 13.Nb3 Nfd7 14.Nxc5 Nxc5 15.Bf4 Be5
16.Be3 Be6 17.b3 f5 18.Rad1 Qf6 19.Bd2 Rf8 20.f4 Bd4+ 21.Kh2 fxe4 22.Nxe4 Nxe4
23.Bxe4 Rfe8 24.Bc1 Bf5 25.Bxf5 gxf5 26.Qd3 c5 27.Be3 Re4 28.Bxd4 Rxd4 29.Qf3 Rxd1
30.Qxd1 Kh8 31.Re2 Rg8 32.Qe1 b6 33.Re6 Qb2+ 34.Re2 Re8 35.Rxb2 Rxe1 36.Rd2  1/2-1/2